000 01123cad a22002655a 4500
001 L154791
008 120118e20111209xxkd f s 000 0 eng d
035 _a(Sirsi) u154791
041 0 _aeng
110 2 _aRoyal Institution of Chartered Surveyors
_bEconomics
_95033
245 0 0 _aRICS global real estate weekly
_b9 December 2011
_h[electronic resource]
260 _aLondon
_bRICS
_c2011
490 0 _aRICS Global Real Estate Weekly
_v9 December 2011
520 _aRussian real estate transactions hitting new highs. Next move on Indian interest rates likely to be in a downward direction. Slightly weaker Swedish house price outlook in the near term. Australian central bank cuts provide temporary relief to housing sector.
590 _aKA
650 2 4 _aRICS GLOBAL REAL ESTATE WEEKLY
651 4 _aRussia
651 4 _aIndia
651 4 _aSweden
651 4 _aAustralia
690 _aCommercial property
_96227
690 _aResidential property
_96266
856 4 0 _uhttps://www.rics.org/site/download_feed.aspx?fileID=11016&fileExtension=PDF
_zView the report free of charge at www.rics.org
942 _n0
999 _c113156
_d113156